| 000 | 00573nam a2200205 i 4500 | ||
|---|---|---|---|
| 001 | 147724 | ||
| 003 | ES-MaACL | ||
| 005 | 20231030183226.0 | ||
| 007 | t| | ||
| 008 | 071005s1985 sp ||||1| spa d | ||
| 020 | _a84-290-1292-3 | ||
| 080 | _a930.85 | ||
| 100 | 1 |
_aUscatescu, Jorge ( _d1919-1995) _9112293 |
|
| 245 | 1 | 0 |
_aBreviario de cultura / _cJorge Uscatescu. |
| 260 |
_aMadrid : _bReus, _cD.L. 1985. |
||
| 300 |
_a144 p. ; _c24 cm. |
||
| 650 | 1 | 4 |
_aCivilización- _xHistoria _911082 |
| 852 |
_aES-MaACL _jL-8688 _bR.108486 |
||
| 999 |
_c147724 _d147724 |
||